|
|
|
|
| LEADER |
02838nam a2200733 i 4500 |
| 001 |
nkc20213376899 |
| 003 |
CZ PrNK |
| 005 |
20220314124303.0 |
| 007 |
ta |
| 008 |
211130s2021 xr abehf 000 0 cze |
| 015 |
|
|
|a cnb003376899
|
| 020 |
|
|
|a 978-80-7028-561-9
|q (brožováno)
|
| 035 |
|
|
|a (OCoLC)1310112338
|
| 040 |
|
|
|a OLA001
|b cze
|d ABA001
|e rda
|
| 041 |
1 |
|
|a cze
|a eng
|h cze
|
| 043 |
|
|
|a e-xr---
|b e-xr-jm
|2 czenas
|
| 072 |
|
7 |
|a 903
|x Pravěk
|2 Konspekt
|9 8
|
| 080 |
|
|
|a 902.2
|2 MRF
|
| 080 |
|
|
|a 903.2
|2 MRF
|
| 080 |
|
|
|a (=15)
|2 MRF
|
| 080 |
|
|
|a 903.5
|2 MRF
|
| 080 |
|
|
|a 2-526
|2 MRF
|
| 080 |
|
|
|a (437.322)
|2 MRF
|
| 080 |
|
|
|a (048.8)
|2 MRF
|
| 080 |
|
|
|a (084.11)
|2 MRF
|
| 100 |
1 |
|
|a Čižmářová, Jana,
|d 1950-
|7 xx0008997
|4 aut
|
| 245 |
1 |
0 |
|a Keltové, Brno a hvězdy =
|b The celts, Brno, and the stars /
|c Jana Čižmářová ; anglický překlad: Lada Krutilová, David Joseph Gaul ; foto: Jan Cága
|
| 246 |
3 |
1 |
|a Celts, Brno, and the stars
|
| 250 |
|
|
|a Vydání první
|
| 264 |
|
1 |
|a Brno :
|b Moravské zemské muzeum,
|c 2021
|
| 300 |
|
|
|a 111 stran :
|b ilustrace (některé barevné), mapy, plány, faksimile ;
|c 21 x 28 cm
|
| 336 |
|
|
|a text
|b txt
|2 rdacontent
|
| 336 |
|
|
|a statický obraz
|b sti
|2 rdacontent
|
| 337 |
|
|
|a bez média
|b n
|2 rdamedia
|
| 338 |
|
|
|a svazek
|b nc
|2 rdacarrier
|
| 504 |
|
|
|a Obsahuje bibliografii a bibliografické odkazy
|
| 546 |
|
|
|a Souběžný anglický text
|
| 650 |
0 |
7 |
|a archeologické výzkumy
|7 ph118577
|z Česko
|2 czenas
|
| 650 |
0 |
7 |
|a archeologické nálezy
|7 ph137683
|z Česko
|2 czenas
|
| 650 |
0 |
7 |
|a archeologické lokality
|7 ph118575
|z Česko
|2 czenas
|
| 650 |
0 |
7 |
|a Keltové
|7 ph117669
|z Česko
|2 czenas
|
| 650 |
0 |
7 |
|a pohřebiště
|7 ph137684
|z Česko
|2 czenas
|
| 650 |
0 |
7 |
|a kultovní předměty
|7 ph333353
|z Česko
|2 czenas
|
| 650 |
0 |
9 |
|a excavations (archaeology)
|z Czechia
|2 eczenas
|
| 650 |
0 |
9 |
|a antiquities
|z Czechia
|2 eczenas
|
| 650 |
0 |
9 |
|a archaeological sites
|z Czechia
|2 eczenas
|
| 650 |
0 |
9 |
|a Celts
|z Czechia
|2 eczenas
|
| 650 |
0 |
9 |
|a cemeteries
|z Czechia
|2 eczenas
|
| 650 |
0 |
9 |
|a cult objects
|z Czechia
|2 eczenas
|
| 651 |
|
7 |
|a Maloměřice (Brno, Česko)
|7 ge129939
|2 czenas
|
| 651 |
|
9 |
|a Maloměřice (Brno, Czechia)
|2 eczenas
|
| 655 |
|
7 |
|a studie
|7 fd133597
|2 czenas
|
| 655 |
|
7 |
|a obrazové publikace
|7 fd132947
|2 czenas
|
| 655 |
|
9 |
|a studies
|2 eczenas
|
| 655 |
|
9 |
|a pictorial works
|2 eczenas
|
| 700 |
1 |
|
|a Krutilová, Lada,
|d 1958-
|7 xx0205475
|4 trl
|
| 700 |
1 |
|
|a Gaul, David Joseph
|7 mub2015885109
|4 trl
|
| 700 |
1 |
|
|a Cága, Jan,
|d 1976-
|7 osa2011642492
|4 pht
|
| 910 |
2 |
|
|a BOA001
|b 3-1478.948
|
| 990 |
|
|
|a BK
|
| 995 |
|
|
|a 01
|
| 991 |
|
|
|b 202202
|c NOV
|
| 996 |
6 |
|
|b 2610891040
|c 3-1478.948
|l MZK
|r Sklad / do 1 hodiny
|n 0
|p p.v.
|w 001874625
|u 000010
|a 1
|e BOA001
|j MZK50
|s P
|
| 996 |
7 |
|
|b 2610891041
|c 3-1478.948
|l MZK
|r Sklad / do 1 hodiny
|n 8
|p p.v.
|w 001874625
|u 000020
|a 1
|e BOA001
|j MZK50
|s A
|